[Event "Moscow Open 2010 D"]
[Site "?"]
[Date "2009.02.07"]
[Round "9.1"]
[White "Tseshkovsky, Vitaly"]
[Black "Zakharov, Alexander"]
[Result "1-0"]
[WhiteElo "2554"]
[BlackElo "2424"]
[PlyCount "43"]
[EventDate "2009.01.30"]

1. e4 e5 2. Nf3 Nc6 3. Bb5 a6 4. Ba4 Nf6 5. O-O b5 6. Bb3 Bc5 7. c3 d6 8. d4
Bb6 9. Bg5 h6 10. Bd5 Bd7 11. Bh4 Qe7 12. Nbd2 g5 13. Bg3 O-O-O 14. a4 exd4 15.
axb5 axb5 16. c4 Nxd5 17. exd5 Ne5 18. Re1 Rhe8 19. Bxe5 dxe5 20. Nxe5 Qf6 21.
Ra8+ Kb7 22. Nxd7 1-0

[Event "Moscow Open 2010 D"]
[Site "?"]
[Date "2009.02.07"]
[Round "9.3"]
[White "Zaitsev, Igor A"]
[Black "Turikov, Viktor"]
[Result "1/2-1/2"]
[WhiteElo "2408"]
[BlackElo "2345"]
[PlyCount "101"]
[EventDate "2009.01.30"]

1. e4 d6 2. d4 Nf6 3. Nc3 c6 4. Nf3 Bg4 5. Be2 e6 6. O-O d5 7. e5 Nfd7 8. Ng5
Bxe2 9. Nxe2 Be7 10. f4 c5 11. c3 Nc6 12. Kh1 cxd4 13. cxd4 Rc8 14. Nf3 O-O 15.
Nc3 Nb6 16. Qe2 a6 17. Be3 Nc4 18. Rad1 Nxe3 19. Qxe3 b5 20. g4 Na5 21. b3 Qc7
22. Ne2 Qc2 23. Rd3 Nc6 24. Rc1 Qxa2 25. Rdc3 Na7 26. f5 Rxc3 27. Nxc3 Qa5 28.
f6 gxf6 29. Qh6 Qd8 30. Ne2 fxe5 31. dxe5 Kh8 32. Ned4 Rg8 33. Qf4 Rg7 34. g5
b4 35. h4 Kg8 36. Nc6 Nxc6 37. Rxc6 Bf8 38. Nd4 h6 39. Qc1 Rg6 40. Rc8 Qb6 41.
Qf4 hxg5 42. hxg5 Kg7 43. Nc6 Qb7 44. Nd8 Qe7 45. Qf6+ Kg8 46. Nc6 Qxf6 47.
gxf6 Rh6+ 48. Kg2 Rh8 49. Nb8 Kh7 50. Nxa6 Kg6 51. Nxb4 1/2-1/2

[Event "Moscow Open 2010 D"]
[Site "?"]
[Date "2009.02.07"]
[Round "9.5"]
[White "Zhukov, Viktor"]
[Black "Kremenietsky, Anatoly M"]
[Result "1/2-1/2"]
[WhiteElo "2133"]
[BlackElo "2369"]
[PlyCount "81"]
[EventDate "2009.01.30"]

1. e4 c5 2. Nf3 Nc6 3. d4 cxd4 4. Nxd4 Nf6 5. Nc3 d6 6. Bc4 Bd7 7. Be3 Ng4 8.
Nxc6 bxc6 9. Bc1 Qb6 10. O-O g6 11. h3 Nf6 12. Bb3 Bg7 13. Be3 Qc7 14. Qd2 a5
15. a4 Rb8 16. Bf4 O-O 17. Rfe1 e5 18. Bg5 Be6 19. Bxe6 fxe6 20. b3 Nh5 21.
Rad1 d5 22. Bh6 Bxh6 23. Qxh6 Rf4 24. f3 Qe7 25. Ne2 Rf7 26. Qe3 d4 27. Qd2 Qc7
28. Qd3 c5 29. Qc4 Re7 30. Nc1 Rb4 31. Qf1 c4 32. Na2 Rb7 33. Rb1 d3 34. bxc4
dxc2 35. Rbc1 Rb2 36. Nc3 Qc5+ 37. Kh2 Rc7 38. Nb5 Rc6 39. Qd3 Qxc4 40. Nd6
Rxd6 41. Qxd6 1/2-1/2

[Event "Moscow Open 2010 D"]
[Site "?"]
[Date "2009.02.07"]
[Round "9.7"]
[White "Chernikov, Oleg L"]
[Black "Onoprienko, Vladimir"]
[Result "0-1"]
[WhiteElo "2439"]
[BlackElo "2325"]
[PlyCount "42"]
[EventDate "2009.01.30"]

1. d4 d5 2. Nf3 Nf6 3. Bg5 e6 4. c4 c6 5. e3 Qa5+ 6. Nbd2 Ne4 7. Bf4 Nd7 8. Bd3
e5 9. Bxe4 dxe4 10. Nxe5 Nxe5 11. dxe5 Be6 12. O-O O-O-O 13. Nb3 Rxd1 14. Nxa5
Rxa1 15. Rxa1 Bb4 16. Nb3 Bxc4 17. Rd1 Bxb3 18. axb3 Rd8 19. Rd4 c5 20. Rxd8+
Kxd8 21. Kf1 Bd2 0-1

[Event "Moscow Open 2010 D"]
[Site "?"]
[Date "2009.02.07"]
[Round "9.8"]
[White "Kuindzhy, Alexander"]
[Black "Matveenko, Yury"]
[Result "0-1"]
[WhiteElo "2420"]
[BlackElo "2168"]
[PlyCount "40"]
[EventDate "2009.01.30"]

1. e4 e5 2. Nf3 Nf6 3. Nc3 Nc6 4. Bb5 Nd4 5. Ba4 c6 6. O-O d6 7. Nxd4 exd4 8.
Ne2 Nxe4 9. Nxd4 Nc5 10. Re1+ Ne6 11. Qh5 g6 12. Qf3 Bd7 13. Qc3 Rg8 14. Nxe6
fxe6 15. d4 Bg7 16. Qg3 Qa5 17. Bg5 h6 18. Bh4 g5 19. Qxd6 Bf8 20. Rxe6+ Kd8
0-1

[Event "Moscow Open 2010 D"]
[Site "?"]
[Date "2009.02.07"]
[Round "9.9"]
[White "Gumirov, Konstantin L"]
[Black "Dommes, Vladimir M"]
[Result "1/2-1/2"]
[WhiteElo "2110"]
[BlackElo "2297"]
[PlyCount "52"]
[EventDate "2009.01.30"]

1. e4 d6 2. f4 g6 3. h4 Nf6 4. e5 dxe5 5. fxe5 Ng4 6. d4 c5 7. Be2 Qxd4 8. Qxd4
cxd4 9. Nf3 Nc6 10. c3 dxc3 11. Nxc3 Bg7 12. Nd5 O-O 13. Nc7 Rb8 14. e6 fxe6
15. Bc4 Nd8 16. Ng5 Ne5 17. Bb3 Nd3+ 18. Ke2 Nc5 19. Bc4 a6 20. Be3 Rf5 21.
Rad1 Bd7 22. Rxd7 Nxd7 23. Ncxe6 Nxe6 24. Nxe6 Ne5 25. Bb3 Kh8 26. h5 gxh5
1/2-1/2

[Event "Moscow Open 2010 D"]
[Site "?"]
[Date "2009.02.07"]
[Round "9.10"]
[White "Bojarinov, Victor A"]
[Black "Bobrov, Yury"]
[Result "1-0"]
[WhiteElo "2287"]
[BlackElo "2141"]
[PlyCount "51"]
[EventDate "2009.01.30"]

1. d4 d6 2. Nf3 Nd7 3. e4 c6 4. Bc4 e5 5. c3 b5 6. Bb3 a6 7. Ng5 Nh6 8. O-O Be7
9. Ne6 fxe6 10. Bxh6 Bf6 11. Bxe6 Qe7 12. Bxd7+ Bxd7 13. Be3 O-O 14. Nd2 Be6
15. f4 Kh8 16. Qc2 Bg8 17. b4 a5 18. dxe5 dxe5 19. Bc5 Qc7 20. Bxf8 Rxf8 21. f5
c5 22. bxa5 c4 23. a4 Qc5+ 24. Kh1 b4 25. cxb4 Qxb4 26. Rfb1 1-0

[Event "Moscow Open 2010 D"]
[Site "?"]
[Date "2009.02.07"]
[Round "9.11"]
[White "Bobrov, Valentin"]
[Black "Ljamin, Vladimir"]
[Result "1-0"]
[WhiteElo "2221"]
[BlackElo "2131"]
[PlyCount "103"]
[EventDate "2009.01.30"]

1. e4 c6 2. d4 d5 3. Nc3 g6 4. Nf3 Bg7 5. e5 Bg4 6. Be2 e6 7. Bg5 Qb6 8. Qd2
Nd7 9. O-O f6 10. exf6 Ngxf6 11. h3 Bf5 12. Na4 Qc7 13. Bf4 Qd8 14. Bd3 O-O 15.
Ng5 Re8 16. Rfe1 h6 17. Nf3 g5 18. Bg3 Ne4 19. Bxe4 Bxe4 20. Nh2 e5 21. dxe5
Nxe5 22. Bxe5 Bxe5 23. Ng4 Bg7 24. Nc5 h5 25. Nh2 b6 26. Nxe4 dxe4 27. Qb4 Qd4
28. Qb3+ Qd5 29. Rad1 Qxb3 30. axb3 Bxb2 31. Rd6 Re5 32. Rxc6 b5 33. c3 a5 34.
Rb1 Ba3 35. Ra1 Be7 36. Nf1 a4 37. Ne3 a3 38. b4 a2 39. Kf1 Kf7 40. Ke2 Bf6 41.
Kd2 Re7 42. Nd5 Rd8 43. Rxf6+ Kg7 44. Rf5 Red7 45. Rxa2 Rxd5+ 46. Rxd5 Rxd5+
47. Ke3 Rd3+ 48. Kxe4 Rxc3 49. Kf5 g4 50. hxg4 hxg4 51. Ra7+ Kf8 52. Kxg4 1-0

[Event "Moscow Open 2010 D"]
[Site "?"]
[Date "2009.02.07"]
[Round "9.12"]
[White "Zilbert, Oleg"]
[Black "Remizov, Juri"]
[Result "1-0"]
[WhiteElo "2330"]
[BlackElo "2160"]
[PlyCount "24"]
[EventDate "2009.01.30"]

1. e4 d5 2. exd5 Qxd5 3. Nc3 Qa5 4. Nf3 Nf6 5. d4 Nc6 6. Bb5 Bd7 7. Bd2 O-O-O
8. a4 e6 9. Nd5 Nb4 10. Bxb4 Bxb4+ 11. c3 Be7 12. b4 Qb6 1-0

[Event "Moscow Open 2010 D"]
[Site "?"]
[Date "2009.02.07"]
[Round "9.13"]
[White "Zavialov, Vladimir"]
[Black "Kleiman, Boris"]
[Result "1/2-1/2"]
[WhiteElo "2149"]
[BlackElo "2308"]
[PlyCount "100"]
[EventDate "2009.01.30"]

1. d4 d6 2. Nf3 Nf6 3. c4 g6 4. Nc3 Bg7 5. e4 O-O 6. Be2 Nbd7 7. O-O e5 8. dxe5
dxe5 9. h3 c6 10. Be3 Qe7 11. Qc2 Nh5 12. Rfd1 Nf4 13. Bf1 Nc5 14. Qd2 Nce6 15.
g3 Rd8 16. Qc1 Nd4 17. Nxd4 Nxh3+ 18. Bxh3 exd4 19. Bxc8 Raxc8 20. Bxd4 Bxd4
21. Qc2 Qe5 22. Kg2 Bxc3 23. bxc3 Re8 24. Rab1 Rc7 25. Re1 Rd7 26. Rbd1 Rxd1
27. Rxd1 Re7 28. Rd4 h5 29. f4 Qe6 30. c5 h4 31. Qe2 hxg3 32. Kxg3 Kg7 33. Qg2
Re8 34. Kf3 Rh8 35. f5 Qf6 36. Ke2 Qe5 37. Kd3 Rh2 38. Qg4 Qxc5 39. fxg6 Qb5+
40. Ke3 Qh5 41. Qxh5 Rxh5 42. gxf7 Kxf7 43. Rd7+ Ke6 44. Rxb7 Ra5 45. Rb2 Ke5
46. Rh2 Ra4 47. Kd3 Kd6 48. Rg2 Ke5 49. Re2 Ke6 50. Rh2 Ke5 1/2-1/2

[Event "Moscow Open 2010 D"]
[Site "?"]
[Date "2009.02.07"]
[Round "9.14"]
[White "Khazankin, Moisei"]
[Black "Kachar, Vladimir"]
[Result "0-1"]
[WhiteElo "2140"]
[BlackElo "2294"]
[PlyCount "58"]
[EventDate "2009.01.30"]

1. e4 c5 2. Nc3 Nc6 3. Bb5 e6 4. Bxc6 bxc6 5. Nf3 Ne7 6. d3 Ng6 7. O-O Be7 8.
Qe1 e5 9. b3 d6 10. h3 O-O 11. Ne2 f5 12. Kh2 fxe4 13. dxe4 Rxf3 14. gxf3 Nh4
15. Qc3 Qf8 16. Ng1 Qf7 17. Re1 Qg6 18. Qc4+ Be6 19. Qf1 Rf8 20. f4 exf4 21. f3
Bf6 22. Rb1 Bd4 23. Ne2 Qh5 24. Nxf4 Be5 25. Kg3 Qg5+ 26. Kf2 Bxf4 27. Bxf4
Qxf4 28. Re3 Qh2+ 29. Ke1 Ng2+ 0-1

[Event "Moscow Open 2010 D"]
[Site "?"]
[Date "2009.02.07"]
[Round "9.15"]
[White "Artyushikhin, Valentin"]
[Black "Akulov, Leonid"]
[Result "1-0"]
[WhiteElo "2289"]
[BlackElo "2136"]
[PlyCount "64"]
[EventDate "2009.01.30"]

1. e4 c5 2. Nf3 d6 3. d4 cxd4 4. Nxd4 Nf6 5. Nc3 a6 6. a4 e5 7. Nf3 Be7 8. h3
Qc7 9. Be3 Be6 10. g4 h6 11. Qd2 Nbd7 12. Nh4 Qc6 13. Bg2 Nb6 14. Bxb6 Qxb6 15.
Nf5 Bf8 16. O-O-O O-O-O 17. Qe2 g6 18. Ne3 Qb4 19. h4 Be7 20. Kb1 Kb8 21. g5
Nh5 22. Ned5 Bxd5 23. Nxd5 Nf4 24. Nxf4 exf4 25. Rh3 hxg5 26. Rb3 Qxa4 27. hxg5
Bxg5 28. e5 d5 29. Rxd5 Kc8 30. Rc5+ Kd7 31. e6+ fxe6 32. Rxg5 Rb8 1-0

[Event "Moscow Open 2010 D"]
[Site "?"]
[Date "2009.02.07"]
[Round "9.16"]
[White "Bylino, Oleg"]
[Black "Chernov, Yury"]
[Result "0-1"]
[WhiteElo "2113"]
[BlackElo "2254"]
[PlyCount "83"]
[EventDate "2009.01.30"]

1. Nf3 Nf6 2. d4 g6 3. Bg5 Bg7 4. Nbd2 d5 5. e3 c5 6. c3 Qb6 7. Qc1 Bf5 8. Be2
Nc6 9. O-O Rc8 10. dxc5 Qxc5 11. Nb3 Qb6 12. Rd1 Rd8 13. Nfd4 Bc8 14. c4 dxc4
15. Qxc4 Nxd4 16. Rxd4 O-O 17. Rad1 Be6 18. Qc5 Rxd4 19. Rxd4 Qxc5 20. Nxc5
Bxa2 21. Nxb7 Rc8 22. h3 h6 23. Bxf6 Bxf6 24. Ra4 Bd5 25. Rxa7 Rc2 26. Bf1 Rc7
27. Ba6 Bxb2 28. Ra8+ Kg7 29. Rb8 Be5 30. f4 Bd6 31. e4 Bxe4 32. Nxd6 Ra7 33.
Nxe4 Rxa6 34. Kf2 Ra3 35. Ke2 f6 36. Kf2 Kf7 37. Nc5 e6 38. Ne4 g5 39. fxg5
hxg5 40. g3 Kg6 41. Nc5 Kf7 42. Ne4 {çàïèñü íåÿñíà} 0-1

[Event "Moscow Open 2010 D"]
[Site "?"]
[Date "2009.02.07"]
[Round "9.17"]
[White "Vorobiov, Nikolai"]
[Black "Kalinin, Anatoly"]
[Result "1/2-1/2"]
[WhiteElo "2010"]
[BlackElo "2251"]
[PlyCount "115"]
[EventDate "2009.01.30"]

1. d4 d5 2. Bg5 c6 3. Nf3 Qb6 4. Nc3 Bf5 5. Rb1 e6 6. a3 Bd6 7. e3 Nd7 8. Bd3
Bxd3 9. Qxd3 f6 10. Bh4 Nh6 11. Bg3 Nf7 12. O-O O-O 13. b4 Qc7 14. e4 Bxg3 15.
fxg3 Nd6 16. exd5 cxd5 17. Nb5 Nxb5 18. Qxb5 Rac8 19. Rbe1 Rfe8 20. Re2 Nb6 21.
Rfe1 Qf7 22. Rf2 Qc7 23. Rfe2 Qd6 24. Re3 Re7 25. Qe2 Rce8 26. Nd2 Qc6 27. Nb3
Qd6 28. Nc5 e5 29. dxe5 fxe5 30. Rd1 Qc6 31. Red3 a5 32. Nb3 axb4 33. axb4 Qc4
34. Qd2 d4 35. Na5 Qb5 36. c3 dxc3 37. Qxc3 e4 38. Rd8 e3 39. Rxe8+ Qxe8 40.
Re1 Kh8 41. Qd4 Nc8 42. Nc4 e2 43. Nd2 Re6 44. Nf3 Nd6 45. Qd5 Qe7 46. Qc5 h6
47. Qc2 Re4 48. b5 Qe6 49. Qd3 Re3 50. Qd2 Nxb5 51. Kf2 Re4 52. Rxe2 Rxe2+ 53.
Qxe2 Qc6 54. h4 Nc3 55. Qe5 Ne4+ 56. Ke3 Nf6 57. Qd4 Qe6+ 58. Kf2 1/2-1/2

[Event "Moscow Open 2010 D"]
[Site "?"]
[Date "2009.02.07"]
[Round "9.18"]
[White "Karlson, Vladilen"]
[Black "Goroshilov, Vladislav"]
[Result "1-0"]
[WhiteElo "2226"]
[BlackElo "2074"]
[PlyCount "91"]
[EventDate "2009.01.30"]

1. e4 e5 2. Nf3 Nc6 3. Bb5 a6 4. Ba4 Nf6 5. O-O b5 6. Bb3 Bc5 7. c3 d6 8. d4
Bb6 9. Bg5 exd4 10. Bd5 Bb7 11. Nxd4 Bxd4 12. cxd4 h6 13. Bxf6 Qxf6 14. Na3 Nd8
15. Bxb7 Nxb7 16. Rc1 Qe7 17. Qf3 Qd7 18. e5 d5 19. Nc2 c6 20. Nb4 Nd8 21. Qc3
a5 22. Nd3 b4 23. Qd2 O-O 24. f4 Qf5 25. Nc5 Ra7 26. h3 h5 27. Qe2 h4 28. Qf2
Qh5 29. f5 Qh6 30. Qf4 Qh5 31. Qe3 Rc7 32. Rf4 Qh6 33. Rcf1 Nb7 34. Nxb7 Rxb7
35. Qf2 c5 36. Rxh4 Qg5 37. Rg4 Qh6 38. dxc5 Rc8 39. f6 g6 40. e6 fxe6 41. f7+
Kf8 42. Qf6 Qg7 43. Qxe6 Rd8 44. Rxg6 Rbb8 45. Rxg7 Kxg7 46. Rf4 1-0

[Event "Moscow Open 2010 D"]
[Site "?"]
[Date "2009.02.07"]
[Round "9.19"]
[White "Gorin, Alexandr"]
[Black "Pushkin, Sergey V"]
[Result "1/2-1/2"]
[WhiteElo "2106"]
[BlackElo "2167"]
[PlyCount "61"]
[EventDate "2009.01.30"]

1. d4 d5 2. Nf3 c6 3. e3 Nf6 4. Bd3 Ne4 5. O-O Bg4 6. Qe1 Nd7 7. Nfd2 Bf5 8.
Nxe4 dxe4 9. Be2 e5 10. c3 Bd6 11. f4 exf3 12. Rxf3 Bg6 13. Rf1 Qc7 14. Qh4 O-O
15. Nd2 exd4 16. exd4 Rae8 17. Bf3 Bd3 18. Be4 Bxh2+ 19. Kh1 Rxe4 20. Nxe4 Bxf1
21. Qxh2 Qxh2+ 22. Kxh2 Re8 23. Ng3 Re1 24. Nxf1 Rxf1 25. b3 Nf6 26. Bb2 Rf2
27. Ba3 h5 28. Kg1 Rc2 29. c4 Rd2 30. Bb4 Rd3 {çàïèñü íåÿñíà} 31. Re1 1/2-1/2

[Event "Moscow Open 2010 D"]
[Site "?"]
[Date "2009.02.07"]
[Round "9.20"]
[White "Sorokin, Valentin"]
[Black "Romanov, Mikhail"]
[Result "0-1"]
[WhiteElo "2333"]
[BlackElo "2184"]
[PlyCount "44"]
[EventDate "2009.01.30"]

1. d4 f5 2. Nc3 Nf6 3. Bg5 d5 4. e3 c6 5. Bd3 e6 6. h3 Nbd7 7. g4 g6 8. Nge2 e5
9. dxe5 Nxe5 10. Nd4 Nxd3+ 11. Qxd3 fxg4 12. hxg4 Bxg4 13. Rh4 Bd7 14. O-O-O
Be7 15. Rdh1 Nh5 16. Bxe7 Qxe7 17. f4 O-O-O 18. Nf3 Kb8 19. Ne5 Bf5 20. Qd4 Ng3
21. R1h2 Bxc2 22. Nxg6 Bxg6 0-1

[Event "Moscow Open 2010 D"]
[Site "?"]
[Date "2009.02.07"]
[Round "9.21"]
[White "Kulago, Alexander"]
[Black "Arkhangelsky, Boris"]
[Result "1/2-1/2"]
[WhiteElo "2100"]
[BlackElo "2291"]
[PlyCount "66"]
[EventDate "2009.01.30"]

1. Nf3 d5 2. d4 Nf6 3. c4 e6 4. Nc3 dxc4 5. e3 c5 6. Bxc4 a6 7. O-O Qc7 8. Qe2
b5 9. Bd3 Bb7 10. dxc5 Bxc5 11. a3 Bd6 12. h3 Nc6 13. Ne4 Nxe4 14. Bxe4 O-O 15.
Bd2 f5 16. Bd3 Qe7 17. e4 Rae8 18. Rfe1 Qf7 19. Rac1 Qh5 20. e5 Bb8 21. a4 Na7
22. Bb4 Rf7 23. axb5 Nxb5 24. Bxb5 axb5 25. Qxb5 Rd8 26. Red1 Bd5 27. Ba5 Rdf8
28. Rxd5 exd5 29. Qxd5 f4 30. Bb4 Re8 31. Rc6 h6 32. Re6 Rc8 33. Re7 Rc6
1/2-1/2

[Event "Moscow Open 2010 D"]
[Site "?"]
[Date "2009.02.07"]
[Round "9.23"]
[White "Orekhov, Viktor"]
[Black "Mosionzhik, Ilya"]
[Result "1-0"]
[WhiteElo "2276"]
[BlackElo "2172"]
[PlyCount "67"]
[EventDate "2009.01.30"]

1. e4 e5 2. Nf3 d6 3. d4 exd4 4. Nxd4 Be7 5. Nc3 Nf6 6. g3 Bg4 7. f3 Bd7 8. Be3
Qc8 9. Qd2 a6 10. a4 Nc6 11. Be2 O-O 12. g4 Nxd4 13. Bxd4 Bc6 14. h4 Nd7 15. g5
f6 16. Bc4+ Kh8 17. Be6 Qd8 18. O-O-O Ne5 19. Qg2 Bd7 20. Bxd7 Qxd7 21. f4 Nc6
22. Be3 f5 23. Rhe1 fxe4 24. Nxe4 b5 25. Nc5 Qc8 26. Qxc6 dxc5 27. h5 bxa4 28.
h6 Bd6 29. hxg7+ Kxg7 30. Bxc5 Bxf4+ 31. Kb1 Rf7 32. Bd4+ Kf8 33. g6 hxg6 34.
Rh1 1-0

[Event "Moscow Open 2010 D"]
[Site "?"]
[Date "2009.02.07"]
[Round "9.25"]
[White "Smotriakov, Arkady"]
[Black "Loktiev, Ivan"]
[Result "1/2-1/2"]
[WhiteElo "2061"]
[BlackElo "2243"]
[PlyCount "110"]
[EventDate "2009.01.30"]

1. d4 Nf6 2. Nf3 e6 3. c4 b6 4. g3 Ba6 5. Qc2 c5 6. d5 exd5 7. cxd5 d6 8. Bg2
Be7 9. Nc3 b5 10. Bg5 b4 11. Bxf6 Bxf6 12. Ne4 Be7 13. Ned2 O-O 14. Nc4 Nd7 15.
O-O Qc7 16. Rad1 Bf6 17. Rfe1 Bxc4 18. Qxc4 Bxb2 19. Ng5 Bc3 20. Rf1 Bf6 21.
Ne4 Be7 22. Rc1 Rab8 23. f4 a5 24. Nd2 Qa7 25. Kh1 Rfe8 26. e4 Bf6 27. e5 dxe5
28. Ne4 exf4 29. gxf4 Bd4 30. Nd6 Re3 31. Nf5 Nb6 32. Qc2 Rc3 33. Qe2 Rxc1 34.
Rxc1 Kf8 35. Re1 Qd7 36. d6 Bf6 37. Qh5 Re8 38. Ne7 Bxe7 39. Qxh7 f5 40. Qh8+
Kf7 41. Qh5+ Kg8 42. dxe7 Rxe7 43. Rd1 Qe8 44. Qh4 c4 45. h3 c3 46. Qf2 Re6 47.
Kh2 Qe7 48. Qc2 Qc7 49. Rf1 Qc5 50. Rd1 a4 51. Rd8+ Kf7 52. Qd1 Qf2 53. Qh5+
Rg6 54. Qxf5+ Rf6 55. Qh5+ Rg6 1/2-1/2

[Event "Moscow Open 2010 D"]
[Site "?"]
[Date "2009.02.07"]
[Round "9.26"]
[White "Ivanov, Valery"]
[Black "Aliekhin, Vladislav"]
[Result "0-1"]
[WhiteElo "2211"]
[BlackElo "2063"]
[PlyCount "66"]
[EventDate "2009.01.30"]

1. e4 d5 2. exd5 Qxd5 3. Nc3 Qd6 4. d4 Nf6 5. Be2 c6 6. Nf3 Bg4 7. O-O Na6 8.
Be3 Nb4 9. Ne5 Bxe2 10. Qxe2 Nbd5 11. Nxd5 Nxd5 12. c4 Nf6 13. Rad1 e6 14. f4
Be7 15. f5 exf5 16. Rxf5 Qe6 17. Qc2 O-O 18. Re1 Bd6 19. Bf2 Qc8 20. h3 Nd7 21.
c5 Bxe5 22. dxe5 Re8 23. Bd4 Nf8 24. Qf2 Re7 25. Be3 Qe6 26. Rh5 Qxa2 27. Bg5
Rd7 28. Bf6 gxf6 29. exf6 Ng6 30. Qe3 Qe6 31. Qh6 Qxf6 32. Qxh7+ Kf8 33. Rf1
Qg7 0-1

[Event "Moscow Open 2010 D"]
[Site "?"]
[Date "2009.02.07"]
[Round "9.27"]
[White "Semenov, Viktor"]
[Black "Shmatkov, Mikhail"]
[Result "1/2-1/2"]
[WhiteElo "2109"]
[BlackElo "2185"]
[PlyCount "62"]
[EventDate "2009.01.30"]

1. Nf3 Nf6 2. g3 d5 3. Bg2 Nc6 4. O-O e5 5. d3 Be7 6. b3 O-O 7. Bb2 d4 8. c4
Bg4 9. Nbd2 Qd7 10. Re1 Rfe8 11. a3 a5 12. Qc2 Bc5 13. Ng5 h6 14. Nge4 Nxe4 15.
Nxe4 Be7 16. Nd2 Rab8 17. Nf1 Bf5 18. Be4 Be6 19. e3 Bc5 20. Bg2 f6 21. e4 b5
22. Nd2 Bf8 23. Rac1 b4 24. a4 Bc5 25. Rcd1 Nd8 26. Bc1 Nf7 27. Rf1 Ng5 28.
Rde1 Kh8 29. Nf3 Bh3 30. Nxg5 Bxg2 31. Kxg2 fxg5 1/2-1/2

[Event "Moscow Open 2010 D"]
[Site "?"]
[Date "2009.02.07"]
[Round "9.28"]
[White "Novogrudsky, Nikolay"]
[Black "Nesterov, Sergey"]
[Result "1-0"]
[WhiteElo "2230"]
[BlackElo "2060"]
[PlyCount "86"]
[EventDate "2009.01.30"]

1. d4 Nf6 2. c4 e5 3. dxe5 Ng4 4. Nf3 Bc5 5. e3 Nc6 6. Be2 Ngxe5 7. O-O O-O 8.
Nc3 d6 9. b3 Nxf3+ 10. Bxf3 Ne5 11. Be2 Qh4 12. Na4 Bb6 13. Nxb6 axb6 14. Bb2
Ng4 15. h3 Nh6 16. Qd4 Qxd4 17. Bxd4 f6 18. e4 Bd7 19. Bd3 Nf7 20. a4 Rfe8 21.
f3 Ng5 22. Kf2 Ne6 23. Bc3 Nf4 24. Bc2 Kf7 25. Bd2 Ne6 26. Be3 g5 27. Rfd1 Re7
28. g3 Nf8 29. Rh1 Ng6 30. Bd4 h5 31. Bc3 h4 32. gxh4 Nxh4 33. a5 bxa5 34. Bxa5
b6 35. Bc3 Rxa1 36. Rxa1 Bxh3 37. f4 Ng6 38. fxg5 fxg5 39. Kg3 Bd7 40. Rf1+ Kg8
41. Bd2 g4 42. Bg5 Re8 43. Bf6 Ne5 1-0

[Event "Moscow Open 2010 D"]
[Site "?"]
[Date "2009.02.07"]
[Round "9.29"]
[White "Borodin, Stanislav"]
[Black "Kondratiev, Vissarion L"]
[Result "1/2-1/2"]
[WhiteElo "2033"]
[BlackElo "2219"]
[PlyCount "44"]
[EventDate "2009.01.30"]

1. d4 d5 2. Nf3 c5 3. c3 e6 4. Bg5 Be7 5. Bxe7 Qxe7 6. Nbd2 Nf6 7. e3 b6 8. Ne5
O-O 9. Bd3 Ba6 10. Bxa6 Nxa6 11. O-O Nd7 12. f4 Nxe5 13. fxe5 Qg5 14. Qe2 Nc7
15. Rf3 f6 16. Rg3 Qh6 17. exf6 Rxf6 18. Rf1 Rxf1+ 19. Qxf1 Rf8 20. Rf3 Rxf3
21. Qxf3 cxd4 22. cxd4 Qg6 1/2-1/2

[Event "Moscow Open 2010 D"]
[Site "?"]
[Date "2009.02.07"]
[Round "9.31"]
[White "Ivanets, Vladimir"]
[Black "Trotsenko, Evgenia"]
[Result "1-0"]
[WhiteElo "2198"]
[BlackElo "2032"]
[PlyCount "39"]
[EventDate "2009.01.30"]

1. b4 e6 2. Bb2 Nf6 3. a3 b6 4. e3 Bb7 5. Nf3 Be7 6. Be2 O-O 7. O-O d6 8. d3
Nbd7 9. Nbd2 a6 10. Re1 Re8 11. Bf1 Nf8 12. g3 Rc8 13. Bg2 Ba8 14. c4 Ng6 15.
Qa4 Bb7 16. b5 axb5 17. cxb5 Ra8 18. Qc2 c5 19. d4 cxd4 20. Nxd4 1-0

[Event "Moscow Open 2010 D"]
[Site "?"]
[Date "2009.02.07"]
[Round "9.32"]
[White "Kalashnikova, Larisa"]
[Black "Ossipov, Victor"]
[Result "0-1"]
[WhiteElo "2018"]
[BlackElo "2159"]
[PlyCount "29"]
[EventDate "2009.01.30"]

1. e4 e6 2. d4 d5 3. Nc3 Nf6 4. e5 Nfd7 5. f4 c5 6. Nf3 Nc6 7. Bb5 Qb6 8. Bxc6
bxc6 9. Ne2 cxd4 10. Nexd4 c5 11. Ne2 c4 12. Ned4 Nc5 13. O-O Be7 14. c3 O-O
15. Kh1 {çàïèñü íåÿñíà} 0-1

[Event "Moscow Open 2010 D"]
[Site "?"]
[Date "2009.02.07"]
[Round "9.34"]
[White "Stepanov, Igor"]
[Black "Kopeikin, Yuri"]
[Result "1-0"]
[WhiteElo "2025"]
[BlackElo "2112"]
[PlyCount "52"]
[EventDate "2009.01.30"]

1. d4 Nf6 2. c4 e6 3. Nf3 d5 4. e3 a6 5. b3 Ne4 6. Bd3 Bb4+ 7. Kf1 f5 8. h4 Nd7
9. c5 c6 10. g3 Ndf6 11. Kg2 b5 12. Ne5 Bb7 13. f3 Bc3 14. Nxc3 Nxc3 15. Qc2 b4
16. a4 Qc7 17. Bd2 O-O 18. Bxc3 bxc3 19. a5 Nd7 20. Nxd7 Qxd7 21. f4 Bc8 22.
Qxc3 Rb8 23. b4 Qb7 24. Rab1 Bd7 25. Qc2 h5 26. Qe2 g6 1-0

[Event "Moscow Open 2010 D"]
[Site "?"]
[Date "2009.02.07"]
[Round "9.35"]
[White "Martynov, Vladimir"]
[Black "Beliaev, Boris"]
[Result "1-0"]
[WhiteElo "2112"]
[BlackElo "2071"]
[PlyCount "81"]
[EventDate "2009.01.30"]

1. e4 c6 2. d4 d6 3. Nc3 Qc7 4. Nf3 e5 5. a4 a5 6. Bc4 Be7 7. dxe5 dxe5 8. Ng5
Bxg5 9. Bxg5 Nd7 10. O-O Ngf6 11. Qe2 O-O 12. Rad1 h6 13. Bc1 Nc5 14. b3 Ne6
15. Be3 Qe7 16. f3 Rd8 17. Qf2 Nh5 18. Rxd8+ Nxd8 19. Rd1 Ne6 20. Qd2 g5 21. g3
Qb4 22. Na2 Qxd2 23. Rxd2 Kf8 24. h4 f6 25. g4 Nhg7 26. h5 Ke8 27. Nc3 Bd7 28.
Nd1 b5 29. Bf1 bxa4 30. bxa4 c5 31. Nb2 Nd4 32. Kf2 Nge6 33. c3 Nc6 34. Nc4 Rb8
35. Nd6+ Kd8 36. Bb5 Kc7 37. Nf7 Ncd4 38. c4 Nxb5 39. cxb5 Nd4 40. Bxd4 cxd4
41. Nxh6 1-0

[Event "Moscow Open 2010 D"]
[Site "?"]
[Date "2009.02.07"]
[Round "9.36"]
[White "Kuritsin, Vasily M"]
[Black "Sorokin, Adones"]
[Result "0-1"]
[WhiteElo "2054"]
[BlackElo "1973"]
[PlyCount "102"]
[EventDate "2009.01.30"]

1. e4 c5 2. Nc3 Nc6 3. g3 e6 4. Bg2 Nf6 5. d3 d5 6. f3 Be7 7. Qe2 O-O 8. e5 Nd7
9. f4 a6 10. Nf3 Rb8 11. O-O Qc7 12. Nd1 Re8 13. c3 d4 14. Nf2 f6 15. exf6 Nxf6
16. c4 Bf8 17. Ne5 Nxe5 18. fxe5 Nd7 19. Bf4 b5 20. cxb5 axb5 21. Rac1 Bb7 22.
Be4 Bxe4 23. Qxe4 Qb7 24. Qe2 Nb6 25. b3 Qd5 26. Rc2 Be7 27. Ne4 Rf8 28. Rfc1
Rbc8 29. Nf2 Rc6 30. Rd1 Nd7 31. Re1 Kh8 32. Qh5 Rcc8 33. h4 Rf5 34. Qe2 Bxh4
35. Ne4 Be7 36. Nf2 Rcf8 37. Ng4 g5 38. Bc1 Qf3 39. Kh2 Qxe2+ 40. Rexe2 h5 41.
Nf2 Rxe5 42. Kg2 Kg7 43. Ne4 Kg6 44. a4 bxa4 45. bxa4 Ra8 46. Nf2 Rxa4 47. Rxe5
Nxe5 48. Re2 Kf5 49. Re1 Ra2 50. Kf1 Rxf2+ 51. Kxf2 Nxd3+ 0-1

[Event "Moscow Open 2010 D"]
[Site "?"]
[Date "2009.02.07"]
[Round "9.37"]
[White "Beliaeva, Natalia"]
[Black "Burkov, Dmitry"]
[Result "1-0"]
[WhiteElo "2016"]
[BlackElo "2047"]
[PlyCount "69"]
[EventDate "2009.01.30"]

1. d4 Nf6 2. c4 e6 3. Nf3 b6 4. g3 Bb7 5. Bg2 Be7 6. Nc3 Ne4 7. Qc2 Nxc3 8.
bxc3 O-O 9. O-O d6 10. e4 Nc6 11. Be3 e5 12. Rfd1 Qe8 13. Rab1 Na5 14. Nd2 Ba6
15. Bf1 f6 16. Re1 Qf7 17. d5 c6 18. Qa4 Qe8 19. Bh3 c5 20. Be6+ Kh8 21. Qxe8
Raxe8 22. Bd7 Rd8 23. Bb5 Bxb5 24. cxb5 Nb7 25. f4 Rd7 26. c4 h5 27. Nf3 Nd8
28. Nh4 a6 29. Ng6+ Kg8 30. Nxf8 Bxf8 31. bxa6 Ra7 32. Rxb6 Nf7 33. Reb1 Nh6
34. Rc6 Ng4 35. Bf2 1-0